Влияние напряжений и деформаций на перераспределение примеси в пластине в условиях одноосного нагружения; Прикладная механика и техническая физика; Т. 52, № 3 (301)
| Parent link: | Прикладная механика и техническая физика.— , 1960- Т. 52, № 3 (301).— 2010.— [С. 147-157] |
|---|---|
| Hlavní autor: | |
| Další autoři: | |
| Shrnutí: | Заглавие с экрана Предложена и исследована модель насыщения поверхностного слоя металлической тонкой пластины примесью из окружающей среды в условиях одноосного механического нагружения. Проанализировано влияние напряжений и деформаций на процесс диффузии. Показано, что, во-первых, вследствие деформации кристаллической решетки основы работа напряжений, возникающих в локальных объемах, приводит к изменению энергии активации диффузии; во-вторых, напряжения влияют на перенос примеси (этот эффект аналогичен массопереносу посредством бародиффузии в жидкостях). Численно исследовано совместное влияние двух видов воздействия напряжений и деформаций на поведение системы при различных геометрических и физических параметрах модели. Режим доступа: по договору с организацией-держателем ресурса |
| Jazyk: | ruština |
| Vydáno: |
2010
|
| Témata: | |
| On-line přístup: | http://elibrary.ru/item.asp?id=15285712 |
| Médium: | Elektronický zdroj Kapitola |
| KOHA link: | https://koha.lib.tpu.ru/cgi-bin/koha/opac-detail.pl?biblionumber=637942 |
MARC
| LEADER | 00000naa0a2200000 4500 | ||
|---|---|---|---|
| 001 | 637942 | ||
| 005 | 20250124112355.0 | ||
| 035 | |a (RuTPU)RU\TPU\network\2134 | ||
| 090 | |a 637942 | ||
| 100 | |a 20141115d2010 k||y0rusy50 ca | ||
| 101 | 0 | |a rus | |
| 102 | |a RU | ||
| 135 | |a drcn ---uucaa | ||
| 181 | 0 | |a i | |
| 182 | 0 | |a b | |
| 200 | 1 | |a Влияние напряжений и деформаций на перераспределение примеси в пластине в условиях одноосного нагружения |f М. А. Миколайчук, А. Г. Князева | |
| 203 | |a Текст |c электронный | ||
| 300 | |a Заглавие с экрана | ||
| 320 | |a [Библиогр.: с. 157 (13 назв.)] | ||
| 330 | |a Предложена и исследована модель насыщения поверхностного слоя металлической тонкой пластины примесью из окружающей среды в условиях одноосного механического нагружения. Проанализировано влияние напряжений и деформаций на процесс диффузии. Показано, что, во-первых, вследствие деформации кристаллической решетки основы работа напряжений, возникающих в локальных объемах, приводит к изменению энергии активации диффузии; во-вторых, напряжения влияют на перенос примеси (этот эффект аналогичен массопереносу посредством бародиффузии в жидкостях). Численно исследовано совместное влияние двух видов воздействия напряжений и деформаций на поведение системы при различных геометрических и физических параметрах модели. | ||
| 333 | |a Режим доступа: по договору с организацией-держателем ресурса | ||
| 461 | |t Прикладная механика и техническая физика |d 1960- | ||
| 463 | |t Т. 52, № 3 (301) |v [С. 147-157] |d 2010 | ||
| 610 | 1 | |a электронный ресурс | |
| 610 | 1 | |a труды учёных ТПУ | |
| 610 | 1 | |a диффузия | |
| 610 | 1 | |a одноосное нагружение | |
| 610 | 1 | |a напряженное состояние | |
| 700 | 1 | |a Миколайчук |b М. А. |c физик |c ассистент Томского политехнического университета, кандидат физико-математических наук |f 1985- |g Михаил Александрович |3 (RuTPU)RU\TPU\pers\32755 | |
| 701 | 1 | |a Князева |b А. Г. |c российский физик |c профессор Томского политехнического университета, доктор физико-математических наук |f 1962- |g Анна Георгиевна |3 (RuTPU)RU\TPU\pers\25578 |9 11508 | |
| 801 | 2 | |a RU |b 63413507 |c 20141115 |g RCR | |
| 856 | 4 | |u http://elibrary.ru/item.asp?id=15285712 | |
| 942 | |c CF | ||